| 000 | 01031nam a22002057a 4500 | ||
|---|---|---|---|
| 999 |
_c76786 _d76786 |
||
| 005 | 20221215162519.0 | ||
| 008 | s2549 th tha d | ||
| 020 | _a9745598356 | ||
| 040 | _aNALT | ||
| 041 | _atha | ||
| 050 |
_aLA 872 _bล761ร 2549 |
||
| 110 | 2 |
_aสำนักงานเลขาธิการสภาการศึกษา _918630 |
|
| 245 | 1 | 0 |
_aระบบการศึกษาของราชอาณาจักรเดนมาร์ก / _cสำนักงานเลขาธิการสภาการศึกษา. |
| 260 |
_aกรุงเทพฯ : _bสำนักงานเลขาธิการสภาการศึกษา, _c2549. |
||
| 300 |
_a106 หน้า : _bแผนที่, ตาราง ; _c21 ซม. |
||
| 650 | 4 |
_aการศึกษา _938351 _zเดนมาร์ก |
|
| 850 | _aNALT | ||
| 942 |
_cGB _02 _2lcc |
||
| 998 |
_j111 _k นางสาวพจพิณ พรมเอี่ยม |
||